| 000 | 00395nam a22001577a 4500 | ||
|---|---|---|---|
| 003 | NUST - PNEC | ||
| 005 | 20170116180942.0 | ||
| 008 | 150907b xxu||||| |||| 00| 0 eng d | ||
| 040 | _cLIBRARY | ||
| 082 | _a621.38 MOT | ||
| 100 |
_98788 _aMotorola |
||
| 245 |
_aHigh- Speed CMOS logic data _cMotorola |
||
| 260 | _c1996 | ||
| 650 |
_98784 _aManaging information system _xMIS |
||
| 942 |
_2ddc _cBK |
||
| 999 |
_c66189 _d66189 |
||